000 00783cam3a220025300 4500
001 lce00569694
008 860106s1964 ilua b 000 0 eng
010 _a 64011667 //r86
035 _a(Sirsi) r65775
035 _a(DLC) 64011667 //r86
035 _a(UPRA)lce00569694
040 _aDLC/ICU
_cICU
_dUPRA
050 0 _aQP535.C9
_bS34
082 0 _a591.13
100 1 _aSchubert, Jack.
_6A26007.1
245 1 0 _aCopper and peroxides in radiobiology and medicine.
260 _aSpringfield, IL :
_bC.C. Thomas,
_c[1964]
504 _aBibliography: p. 190-204.
650 0 _aCopper in the body.
_6S18762.1
650 0 _aRadiation-protective agents.
_6S18763.1
650 0 _aPeroxides.
_6S18764.1
949 _aQP535.C9
_wLC
_i-87904
_mMEDICAL
_tBOOK
_lON-SHELF
004 65775
999 _c40887
_d40887